Central Library OPAC University of Rajshahi

বাংলা ভাষায় ফার্সীর প্রভাব =Influence of Persian language on Bengali / (Record no. 52364)

MARC details
000 -LEADER
fixed length control field 01793nam a2200289 a 4500
001 - CONTROL NUMBER
control field 52364
003 - CONTROL NUMBER IDENTIFIER
rucl marc code BD-RjUL
005 - DATE AND TIME OF LATEST TRANSACTION
control field 20220724180257.0
008 - FIXED-LENGTH DATA ELEMENTS--GENERAL INFORMATION
fixed length control field 160919s2002 bg ||||| |||| 00| 0 ben d
035 ## - SYSTEM CONTROL NUMBER
System control number (BD-RjUL)52484
040 ## - CATALOGING SOURCE
Original cataloging agency BD-RjUL
Language of cataloging ben
Transcribing agency BD-RjUL
041 ## - LANGUAGE CODE
Language code of text/sound track or separate title ben
082 ## - DEWEY DECIMAL CLASSIFICATION NUMBER
Edition number 23
Classification number 491.5539144
Author mark and year DEB 2002
100 1# - MAIN ENTRY--PERSONAL NAME
Personal name দেওয়ান, মোহাম্মদ রুস্তম আলী
9 (RLIN) 156678
245 10 - TITLE STATEMENT
Title বাংলা ভাষায় ফার্সীর প্রভাব =Influence of Persian language on Bengali /
Statement of responsibility, etc. মোহাম্মদ রুস্তম আলী দেওয়ান ; সম্পাদনা: মুহাম্মদ ঈসা শাহেদী, হামিদ রেজা সালেক, এবং মিয়াঁ মোহাম্মাদ আব্দুল আউয়াল
260 ## - PUBLICATION, DISTRIBUTION, ETC. (IMPRINT)
Place of publication, distribution, etc. ঢাকা :
Name of publisher, distributor, etc. ইসলামী প্রজাতন্ত্র ইরান দূতাবাস,
Date of publication, distribution, etc. ২০০২
300 ## - PHYSICAL DESCRIPTION
Pagination xviii, ৩৩৩ পৃ. :
Size ২১ সেমি.
600 ## - SUBJECT ADDED ENTRY--PERSONAL NAME
Fuller form of name
Title of a work
650 ## - SUBJECT ADDED ENTRY--TOPICAL TERM
Topical term or geographic name as entry element ফার্সী ভাষা
Form subdivision বাংলার উপর প্রভাব
9 (RLIN) 156705
Topical term or geographic name as entry element Persian language
Form subdivision Influence on Bengali
9 (RLIN) 156706
Topical term or geographic name as entry element বাংলা ভাষা
General subdivision বিদেশী উপাদান
-- ফারসি।
9 (RLIN) 4107
Topical term or geographic name as entry element Bengali language
General subdivision Foreign elements
-- Persian.
9 (RLIN) 4108
700 ## - ADDED ENTRY--PERSONAL NAME
Personal name শাহেদী, মুহাম্মদ ঈসা, সম্পা.
Personal name সালেক, হামিদ রেজা, যুগ্ম সম্পা.
Personal name আউয়াল, মিয়াঁ মোহাম্মাদ আব্দুল, যুগ্ম সম্পা.
942 ## - ADDED ENTRY ELEMENTS (KOHA)
Source of classification or shelving scheme Dewey Decimal Classification
Koha item type Reference
Holdings
Lost status Source of classification or shelving scheme Damaged status Not for loan Collection code Permanent Location Current Location Shelving location Date acquired Source of acquisition Full call number Date last seen Copy number Koha item type
  Dewey Decimal Classification   Not For Loan Reference Central Library, University of Rajshahi Central Library, University of Rajshahi Reference 12/01/2012 Islami projatontro Iran dutabas, Dhaka BR 491.5539144 DEB 2002 19/09/2016 C-2 Reference
  Dewey Decimal Classification   Not For Loan Reference Central Library, University of Rajshahi Central Library, University of Rajshahi Reference 12/01/2012 Dhaka, Islami Prajatantra iran Dutabas BR 491.5539144 DEB 2002 24/07/2022 C-1 Reference